| 000 | 00668nam a22001817a 4500 | ||
|---|---|---|---|
| 999 |
_c20494 _d20494 |
||
| 003 | OSt | ||
| 005 | 20240815122429.0 | ||
| 008 | 240815b ||||| |||| 00| 0 eng d | ||
| 040 | _c0 | ||
| 082 | _aDPer 507 J826 September 2019 - June 2020 v.49 n. 1-5 | ||
| 100 |
_aAlter, S. Elizabeth. _eauthor. _957889 |
||
| 245 |
_aA framework for effective dissemination of innovative STEM curricula / _cS. Elizabeth Alter and Leo Gafney |
||
| 260 |
_aArlington USA; _bNational Science Teaching Association, _cMay/June 2020. |
||
| 300 | _avolume 49, pages 17-22. | ||
| 700 |
_aAlter, S. Elizabeth. _eauthor. _957889 |
||
| 700 |
_aGafney, Leo. _eauthor. _957890 |
||
| 942 |
_2ddc _cPER |
||